Catalog

Record Details

Catalog Search



Fullmetal alchemist. #7 / [story and art by] ... Read More

Forbes, Jake.(Added Author). Truman, Wayne.(Added Author).

Available copies

  • 1 of 1 copy available at LARL/NWRL Consortium.

Current holds

0 current holds with 1 total copy.

Show Only Available Copies
Location Call Number / Copy Notes Barcode Shelving Location Status Due Date
Roseau Public Library ya ARA (Text) 35500003933114 Main Available -

Record details

  • ISBN: 1421504588 (pbk.)
  • ISBN: 9781421504582
  • Physical Description: 185 p. : chiefly ill. ; 19 cm.
  • Publisher: San Francisco : Viz Media, 2006

Content descriptions

General Note:
Translation of: Hagane no Renkinjutsushi.
First published in Japan in 2004 by Square Enix Co., Ltd."--P. facing t.p.
"The original manga behind the hit anime and video game series"--Cover p. [4].
"Action"--Cover.
"This book reads from right to left"--Cover p. 4
Summary, etc.:
A group of outcasts is determined to discover the ... Read More
Subject: Alchemy > Fiction.
Brothers > Fiction.
Genre: Fantasy comic books, strips, etc.
Graphic novels.
LDR 01922nam a2200433Ia 4500
00168092
003LARL_NWRL_CONSORTIUM
00520160815160736.0
008060503s2006 caua 000 c eng d
020 . ‡a1421504588 (pbk.)
020 . ‡a9781421504582
035 . ‡a(OCoLC)68095682
0411 . ‡aeng ‡hjpn
043 . ‡aa-ja---
08204. ‡a741.5/952 ‡222
1001 . ‡aArakawa, Hiromu, ‡d1973- ‡0(LARL_NWRL_CONSORTIUM)220512
24510. ‡aFullmetal alchemist. ‡n#7 / ‡c[story and art by] Hiromu Arakawa ; [translation, Akira Watanabe ; English adaptation, Jake Forbes ; touch-up art & lettering, Wayne Truman].
2463 . ‡aFull metal alchemist
260 . ‡aSan Francisco : ‡bViz Media, ‡c2006
300 . ‡a185 p. : ‡bchiefly ill. ; ‡c19 cm.
4900 . ‡aFullmetal alchemist ; ‡v7
500 . ‡aTranslation of: Hagane no Renkinjutsushi.
500 . ‡aFirst published in Japan in 2004 by Square Enix Co., Ltd."--P. facing t.p.
500 . ‡a"The original manga behind the hit anime and video game series"--Cover p. [4].
500 . ‡a"Action"--Cover.
500 . ‡a"This book reads from right to left"--Cover p. 4
520 . ‡aA group of outcasts is determined to discover the alchemical secrets of Alphonse Elric's creation. Now, Ed must go into the Devil's Nest to rescue his brother and face an artificial human being called a homunculus.
650 0. ‡aAlchemy ‡vFiction.
650 0. ‡aBrothers ‡vFiction. ‡0(LARL_NWRL_CONSORTIUM)163686
655 0. ‡aFantasy comic books, strips, etc.
655 0. ‡aGraphic novels.
7001 . ‡aForbes, Jake. ‡0(LARL_NWRL_CONSORTIUM)190840
7001 . ‡aTruman, Wayne. ‡0(LARL_NWRL_CONSORTIUM)203268
901 . ‡a68092 ‡bOCLC ‡c68092 ‡tbiblio

Additional Resources